Statistics for INXS Singles by Album

Click here to take the quiz!

General Stats

  • This quiz has been taken 39 times
  • The average score is 23 of 48

Answer Stats

AlbumSingle% Correct
KickNever Tear Us Apart
100%
Original SinNever Tear Us Apart
100%
XSuicide Blonde
97%
KickNeed You Tonight
90%
KickKick
86%
Listen Like ThievesListen Like Thieves
86%
KickMystify
86%
Elegantly WastedElegantly Wasted
83%
KickDevil Inside
79%
XDisappear
79%
KickNew Sensation
79%
The SwingOriginal Sin
79%
Welcome To Wherever You AreBeautiful Girl
76%
Shabooh ShoobahDon't Change
69%
Original SinDon't Change
69%
Listen Like ThievesKiss The Dirt (Falling Down The Mountain)
66%
Welcome To Wherever You AreBaby Don't Cry
62%
Listen Like ThievesWhat You Need
62%
INXSJust Keep Walking
55%
SwitchPretty Vegas
52%
Shabooh ShoobahThe One Thing
52%
XThe Stairs
48%
XBy My Side
45%
Original SinMediate
45%
The SwingBurn For You
41%
Full Moon, Dirty HeartsThe Gift
41%
The SwingDancing On The Jetty
34%
Welcome To Wherever You AreTaste It
34%
Listen Like ThievesThis Time
34%
Shabooh ShoobahTo Look At You
34%
XBitter Tears
31%
Welcome To Wherever You AreHeaven Sent
31%
The SwingI Send A Message
31%
Full Moon, Dirty HeartsPlease (You Got That...)
31%
SwitchAfterglow
24%
Underneath The ColoursUnderneath The Colours
24%
Shabooh ShoobahBlack And White
21%
Elegantly WastedDon't Lose Your Head
21%
Welcome To Wherever You AreNot Enough Time
21%
Underneath The ColoursStay Young
21%
Elegantly WastedEverything
17%
Elegantly WastedSearching
17%
Full Moon, Dirty HeartsTime
17%
Full Moon, Dirty HeartsFreedom Deep
10%
SwitchGod's Top Ten
10%
Underneath The ColoursNight Of Rebellion
10%
SwitchPerfect Strangers
10%
SwitchDevil's Party
7%

Score Distribution

Percentile by Number Answered

Percent of People with Each Score

Your Score History

You have not taken this quiz